Quizz - Game of Thrones - Statistiques

Statistiques générales
  • Ce quiz a été pris 83 fois
  • Le résultat moyen est 7 sur 15
Statistiques - réponses
Hint Réponse % Correct
Combien de Rois et Reine Varys a servi au long de la série ? 4
90%
Nom donné par Arya Stark à son épée Aiguille
78%
Amante de Tyrion puis de Tywin Lannister Shae
78%
Femme dont Petyr Baelish a toujours été amoureux Catelyn Stark
65%
Dernier mot que prononce Missandei avant de mourir Dracarys
57%
Prénom du loup de Bran Stark Été
52%
Jeune fille sacrifiée par Mélisandre au Dieu de la Lumière {Shireen} Baratheon
50%
Qui devient le Gouverneur du Nord après la mort de Robb Stark ? Roose Bolton
45%
Épouse de Robb Stark Talisa
45%
Surnom donné à Sansa Stark {Petite} {Colombe}
37%
Prénom du fils mort-né de Drogo et Daenerys Targaryen Rhaego
32%
Interprète d’Ygrid Rose Leslie
30%
Qui est l’amante de Ramsay Bolton ? Myranda
28%
Poison utilisé par Ellaria Sand pour tuer Myrcella Baratheon Le Long Adieu
7%
Titre de Jon Snow à la fin de la série Lord Commandant de la Garde de Nuit
5%
Aucun quiz correspondant
Distribution des résultats
% des personnes avec chaque résultat
Percentile par nombre de réponses
Votre historique - résultats
Vous n’avez pas pris ce quiz